000 00216nam a2200109Ia 4500
100 _a#N/A
942 _cBK
654 _awindows 2003
245 _aWindows 2003 :Admin Pack
260 _b#N/A
_c2004
546 _aENGLISH
999 _c32557
_d32557